000 00634nam a2200145Ia 4500
008 100122s9999 xx 000 0 und d
082 _b66356
_a81
100 _aकुळकर्णी अरविंद
245 _aकाँग्रसला सावरकर नकोत कारण..... ( क.क्र.26/4 )
260 _bकुंडलिनी
_c2004
300 _a36
630 _aकाँग्रसला सावरकर नकोत कारण..... ( क.क्र.26/4 )
730 _aकाँग्रसला सावरकर नकोत कारण..... ( क.क्र.26/4 )
942 _cBOOK
999 _c438942
_d438939